Continuous Web Deployment for JavaScript Frameworks with Testing for Search Engine Optimization
Guardado en:
| Autor principal: | |
|---|---|
| Otros Autores: | |
| Formato: | Manuscrito Libro |
| Lenguaje: | eslovaco inglés |
| Publicado: |
2024
|
| Materias: | |
| Acceso en línea: | http://is.stuba.sk/zp/portal_zp.pl?podrobnosti=162705 |
| Etiquetas: |
Sin Etiquetas, Sea el primero en etiquetar este registro!
|
MARC
| LEADER | 00000ntm a22000003a 4500 | ||
|---|---|---|---|
| 001 | stuzp92370 | ||
| 003 | SK-STU | ||
| 005 | 20240615210309.0 | ||
| 007 | ta | ||
| 008 | 150427s2015----xo-----f-mn---000-0-slo-d | ||
| 040 | |a STU |b slo | ||
| 041 | 0 | |a eng | |
| 100 | 1 | |a Michalák, Adam |u 070200 |4 aut |U FIIT Fakulta informatiky a informačných technológií |T FIIT Ústav informatiky, informačných systémov a softvérového inžinierstva |X 110851 |U I200 |Y 179 |7 110851 | |
| 242 | 0 | 1 | |a Nepretržité nasadenie webu pre rámce JavaScript s testovaním optimalizácie pre vyhľadávače |y slo |
| 245 | 1 | 0 | |a Continuous Web Deployment for JavaScript Frameworks with Testing for Search Engine Optimization |
| 260 | |c 2024 | ||
| 650 | 4 | |a výkonnosť webu |2 slo | |
| 650 | 4 | |a Next.js |2 slo | |
| 650 | 4 | |a automatizované testovanie |2 slo | |
| 650 | 4 | |a SEO optimalizácia |2 slo | |
| 650 | 4 | |a CI/CD integrácia |2 slo | |
| 650 | 4 | |a JavaScriptové rámce |2 slo | |
| 650 | 4 | |a kľúčové webové ukazovatele |2 slo | |
| 650 | 4 | |a Google Lighthouse |2 slo | |
| 650 | 4 | |a SEO optimization |2 eng | |
| 650 | 4 | |a JavaScript frameworks |2 eng | |
| 650 | 4 | |a Google Lighthouse |2 eng | |
| 650 | 4 | |a CI/CD integration |2 eng | |
| 650 | 4 | |a core web vitals |2 eng | |
| 650 | 4 | |a web performance |2 eng | |
| 650 | 4 | |a Next.js |2 eng | |
| 650 | 4 | |a automated testing |2 eng | |
| 700 | 1 | |a Dakić, Pavle |u 070200 |k Z3 |4 ths |U FIIT Fakulta informatiky a informačných technológií |T FIIT Ústav informatiky, informačných systémov a softvérového inžinierstva |X 108381 |U I200 |Y 179 |7 108381 | |
| 856 | 4 | |u http://is.stuba.sk/zp/portal_zp.pl?podrobnosti=162705 | |